000 00465nam a2200145Ia 4500
003 OSt
005 20260119121906.0
008 211028s2013 xx 000 0 und d
040 _cAIMIT LIBRARY
041 _aeng
100 _aKumar, Prasanna; Amin, Venkatesh S.
_g1116120
_97061
245 _aStudy of skilled labour problem and its impact on production at ruchi soya industries ltd Mangalore /
260 _aMangalore
_bVenkatesh S Amin
_c2013
942 _2ddc
_cPRO
999 _c218631
_d218631